Iran-Contra: a postmortem /
sin resumen
محفوظ في:
| المؤلف الرئيسي: | |
|---|---|
| مؤلفون آخرون: | |
| التنسيق: | نص |
| الوسوم: |
إضافة وسم
لا توجد وسوم, كن أول من يضع وسما على هذه التسجيلة!
|
MARC
| LEADER | 00000 a a2200000 04500 | ||
|---|---|---|---|
| 001 | 9913 | ||
| 003 | |||
| 040 | |||
| 100 | |a Kornbluh, Peter | ||
| 245 | |a Iran-Contra: |b a postmortem / |c Peter Kornbluh ; Malcon Byrne | ||
| 520 | |a sin resumen | ||
| 700 | |a Byrne, Malcon | ||
| 773 | |g volumen 27, número 3; páginas 29-34 | ||
| 999 | |c 36390 |d 36390 | ||
| 773 | 0 | |0 43153 |9 9052 |a North American Congress on Latin America (NACLA) |d Nueva York: North American Congress on Latin America (NACLA), 1967- |o 22907 |t NACLA: | |
